Państwa produkujące najwięcej jabłek na świecie - Statystyki

Ogólne statystyki
  • Ten quiz został rozwiązany 30 razy
  • Średni wynik to 11 z 15
Statystyki odpowiedzi
Hint Odpowiedź % Poprawnych
2 441 393 Polska
100%
1 639 421 Rosja
100%
5 173 670 USA
100%
41 390 000 Chiny
96%
1 710 755 Francja
85%
2 265 000 Indie
85%
1 076 180 Ukraina
81%
1 921 272 Włochy
78%
994 710 Argentyna
67%
1 300 943 Brazylia
67%
3 032 164 Turcja
63%
924 375 RPA
56%
2 096 749 Iran
52%
1 766 210 Chile
44%
1 028 796 Uzbekistan
15%
Nie znaleziono quizów pasujących do podanych kryteriów
Rozkład punktacji
Procent ludzi z każdym wynikiem
Percentyl według liczby udzielonych odpowiedzi
Twoja historia wyników
Nie rozwiązałeś tego quizu